| 000 | 00861nas a2200289 4500 | ||
|---|---|---|---|
| 001 | BR9701187 | ||
| 003 | BR-BrBNA | ||
| 005 | 20231205100017.0 | ||
| 007 | ta | ||
| 008 | 230509b bl.|||p| |||| 00| 00por d | ||
| 040 |
_aBR-BrBNA _bpor _cBiblioteca Nacional de Agricultura |
||
| 041 | _a(Pt) | ||
| 072 | _aF30; H20 | ||
| 100 | 1 | _aDonadio, L.C. | |
| 100 | 1 | _aMuller, G.W. | |
| 100 | 1 | _aSempionato, O.R. | |
| 100 | 1 | _aBanzatto, D.A. | |
| 245 | 1 | _aComportamento de clones premunizados de laranjeiras doces em Bebedouro, SP | |
| 650 | _aLaranja Doce | ||
| 650 | _aClone | ||
| 650 | _aVariedade Resistente | ||
| 650 | _aTristeza Citrica | ||
| 650 | _aSao Paulo | ||
| 773 | 0 |
_tRevista Brasileira de Fruticultura (Brazil) _xISSN 0100-2945 _g(Dec 1995), v. 17(3) p. 13-17 _wBR9701187 |
|
| 909 |
_a202311 _bLúcia _c55 _dLúcia Elande |
||
| 942 |
_2AGRIS _n0 _cANA |
||
| 999 |
_c153891 _d153891 |
||